000 00562nam a2200181 i 4500
001 130543
003 ES-MaACL
005 20230906193752.0
007 t|
008 070731s1977 sp ||||1| baq d
100 1 _aZárate, Mikel.
_9118048
245 1 0 _aEuskal literatura : azterbideak, aztergaiak, azterketak /
_cMikel Zárate.
260 _aDurango :
_bLeopoldo Zugaza,
_c[1977]
300 _a153 p. ;
_c20 cm.
504 _aBibliografía: p. 137-138.
650 1 4 _aLiteratura vasca-
_xHistoria y crítica.
_914670
852 _aES-MaACL
_jA-6928
_bR.95720
999 _c130543
_d130543